[Event "7.Torneo del Santo B"]
[Site "Padova"]
[Date "2020.02.22"]
[Round "3.6"]
[White "De Paolis, Alex"]
[Black "Vitaliani, Marco"]
[Result "0-1"]
[WhiteElo "1719"]
[BlackElo "1840"]
[Annotator "Gabriele Ballarin"]
[PlyCount "62"]
[EventDate "2020.02.21"]
[EventType "swiss"]
[EventRounds "3"]
[EventCountry "ITA"]

1. e4 e6 2. d4 d5 3. Nc3 Nf6 4. exd5 exd5 5. Nf3 Be7 6. Bd3 Bg4 7. O-O O-O 8. h3 Bh5 9. Re1 c6 10. Bf4 Bd6 11. Bxd6 Qxd6 12. g4 Bg6 13. Ne5 Nfd7 14. Nf3 Bxd3 15. Qxd3 Na6 16. a3 Rae8 17. Nh4 g6 18. Nf3 Nc7 19. Qd2 Ne6 20. Ne2 f5 21. Ng5 fxg4 22. hxg4 Rxf2 23. Kxf2 Qh2+ 24. Kf3 Rf8+ 25. Ke3 Nxg5 26. Ng1 Qg3+ 27. Ke2 Rf2+ 28. Kd1 Rxd2+ 29. Kxd2 Ne4+ 30. Kd1 Qf2 31. Ne2 Qe3 0-1

[Event "7.Torneo del Santo B"]
[Site "Padova"]
[Date "2020.02.22"]
[Round "3.7"]
[White "Scarpa, Alessandra"]
[Black "Lo Gatto, Riccardo"]
[Result "0-1"]
[WhiteElo "1796"]
[BlackElo "1720"]
[Annotator "Gabriele Ballarin"]
[PlyCount "110"]
[EventDate "2020.02.21"]
[EventType "swiss"]
[EventRounds "3"]
[EventCountry "ITA"]

1. d4 Nf6 2. Nf3 e6 3. Bf4 d5 4. e3 Bd6 5. Bg3 b6 6. c3 c5 7. Nbd2 Bb7 8. Bd3 O-O 9. O-O Ne4 10. Bxd6 Qxd6 11. Qc2 f5 12. Ne5 Nd7 13. Nxd7 Qxd7 14. f3 Nd6 15. e4 Rac8 16. dxc5 bxc5 17. exd5 exd5 18. c4 d4 19. Rae1 Rfe8 20. Nb3 g6 21. Re2 Re3 22. f4 Rxe2 23. Qxe2 Ne4 24. Qc2 Qc7 25. Nd2 Re8 26. a3 a5 27. Qc1 Qc6 28. Nf3 Nf6 29. Re1 Ng4 30. Qd2 Rxe1+ 31. Qxe1 Qc7 32. Qe8+ Kg7 33. Ng5 Bc8 34. g3 h6 35. Ne6+ Bxe6 36. Qxe6 Ne3 37. Qa6 Qb8 38. Qxa5 Qb7 39. Qd2 Qb3 40. Qe2 Kf6 41. Kf2 Qxb2 42. Qxb2 Nd1+ 43. Ke2 Nxb2 44. Kd2 Nxd3 45. Kxd3 Ke6 46. h3 Kd6 47. g4 h5 48. gxf5 gxf5 49. h4 Kc6 50. Kc2 Kb6 51. Kb2 Ka5 52. Kb3 d3 53. Kc3 Ka4 54. Kxd3 Kxa3 55. Kc3 Ka4 0-1

[Event "7.Torneo del Santo B"]
[Site "Padova"]
[Date "2020.02.22"]
[Round "3.8"]
[White "Mascia, Germano"]
[Black "Riga, Raffaele"]
[Result "1-0"]
[WhiteElo "1698"]
[BlackElo "1755"]
[Annotator "Gabriele Ballarin"]
[PlyCount "55"]
[EventDate "2020.02.21"]
[EventType "swiss"]
[EventRounds "3"]
[EventCountry "ITA"]

1. e4 c5 2. c3 b6 3. d4 Bb7 4. Bd3 e6 5. Nd2 Nf6 6. f4 d5 7. e5 Ne4 8. Ngf3 Be7 9. O-O Nd7 10. Qe2 f5 11. exf6 Ndxf6 12. Nxe4 dxe4 13. Bb5+ Kf8 14. Ng5 Qd6 15. Be3 a6 16. dxc5 bxc5 17. Ba4 g6 18. Kh1 Kg7 19. Bxc5 Qxc5 20. Nxe6+ Kf7 21. Nxc5 Bxc5 22. Qc4+ Nd5 23. Qxc5 Rac8 24. Qd4 Nf6 25. Bb3+ Kg7 26. Qb6 Bc6 27. Be6 Bd7 28. Bxd7 1-0

[Event "7.Torneo del Santo B"]
[Site "Padova"]
[Date "2020.02.22"]
[Round "3.9"]
[White "Budyi, Danylo"]
[Black "Tonon, Lorenzo"]
[Result "1/2-1/2"]
[WhiteElo "1728"]
[BlackElo "1713"]
[Annotator "Gabriele Ballarin"]
[PlyCount "66"]
[EventDate "2020.02.21"]
[EventType "swiss"]
[EventRounds "3"]
[EventCountry "ITA"]

1. d4 d5 2. c4 e6 3. Nc3 Nf6 4. Bg5 Be7 5. Nf3 Nbd7 6. e3 c6 7. Bd3 O-O 8. O-O dxc4 9. Bxc4 b5 10. Bd3 Bb7 11. Bxf6 Nxf6 12. Ne4 Nxe4 13. Bxe4 Qb6 14. Qc2 Rac8 15. Bxh7+ Kh8 16. Be4 c5 17. Bxb7 Qxb7 18. dxc5 Rxc5 19. Qb3 Rfc8 20. Rad1 a6 21. Rd2 Bf6 22. Rfd1 Rc1 23. Nd4 Rxd1+ 24. Qxd1 Qc7 25. Rc2 Qd7 26. Rxc8+ Qxc8 27. g3 Qc4 28. b3 Qc5 29. Qd2 Bxd4 30. Qxd4 Qc2 31. Qd8+ Kh7 32. Qa5 Qb1+ 33. Kg2 Qe4+ 1/2-1/2

[Event "7.Torneo del Santo B"]
[Site "Padova"]
[Date "2020.02.22"]
[Round "3.10"]
[White "Negro, Raffaele"]
[Black "Haller, Quentin"]
[Result "0-1"]
[WhiteElo "1694"]
[BlackElo "1849"]
[Annotator "Gabriele Ballarin"]
[PlyCount "80"]
[EventDate "2020.02.21"]
[EventType "swiss"]
[EventRounds "3"]
[EventCountry "ITA"]

1. d4 Nf6 2. Nf3 d5 3. e3 Bf5 4. c4 c6 5. Qb3 Qb6 6. Nc3 e6 7. c5 Qc7 8. Ne5 Nbd7 9. f4 Be7 10. Qd1 Nxe5 11. fxe5 Nd7 12. Bd3 Bxd3 13. Qxd3 f6 14. exf6 Bxf6 15. e4 e5 16. exd5 exd4 17. Ne4 Qe5 18. O-O O-O 19. dxc6 bxc6 20. Bf4 Qd5 21. Bd6 Rfe8 22. Nxf6+ Nxf6 23. Rf5 Qe4 24. Qxe4 Rxe4 25. Re5 Re8 26. Rxe8+ Nxe8 27. Bb8 a6 28. Kf2 Kf7 29. Rd1 Ke6 30. b3 Kd5 31. Kf3 Nf6 32. Bd6 Re3+ 33. Kf2 Ne4+ 34. Kf1 Nxd6 35. cxd6 Re6 36. d7 Rd6 37. d8=Q Rxd8 38. Re1 Rf8+ 39. Kg1 d3 40. Re7 Kd4 0-1

[Event "7.Torneo del Santo B"]
[Site "Padova"]
[Date "2020.02.22"]
[Round "3.11"]
[White "Kadyrbekov, Islam"]
[Black "Brini, Dario"]
[Result "1-0"]
[WhiteElo "1686"]
[BlackElo "1755"]
[Annotator "Gabriele Ballarin"]
[PlyCount "67"]
[EventDate "2020.02.21"]
[EventType "swiss"]
[EventRounds "3"]
[EventCountry "ITA"]

1. d4 Nf6 2. Nf3 g6 3. g3 Bg7 4. Bg2 O-O 5. O-O d6 6. c4 Nbd7 7. Nc3 c6 8. e4 e5 9. h3 Qb6 10. d5 cxd5 11. Nxd5 Nxd5 12. cxd5 Nc5 13. Qe2 Bd7 14. Re1 Bb5 15. Qe3 Rfc8 16. Bf1 Bxf1 17. Rxf1 Qb5 18. b3 a5 19. Nd2 a4 20. Rb1 Qd3 21. Qxd3 Nxd3 22. Nc4 Ra6 23. Be3 Nc5 24. Nd2 axb3 25. axb3 Nd3 26. Ra1 Rca8 27. Rxa6 Rxa6 28. Nc4 b5 29. Rd1 bxc4 30. bxc4 Nb2 31. Rb1 Nxc4 32. Rb8+ Bf8 33. Bh6 Ra1+ 34. Kh2 1-0

[Event "7.Torneo del Santo B"]
[Site "Padova"]
[Date "2020.02.22"]
[Round "3.12"]
[White "Magnabosco, Mauro Denis"]
[Black "Tomio, Dante"]
[Result "0-1"]
[WhiteElo "1711"]
[BlackElo "1700"]
[Annotator "Gabriele Ballarin"]
[PlyCount "88"]
[EventDate "2020.02.21"]
[EventType "swiss"]
[EventRounds "3"]
[EventCountry "ITA"]

1. c4 Nf6 2. Nc3 g6 3. d4 Bg7 4. g3 c6 5. Bg2 O-O 6. Nf3 d5 7. cxd5 cxd5 8. O-O Nc6 9. Bf4 a6 10. Rc1 h6 11. Ne5 e6 12. Nxc6 bxc6 13. Qd2 Kh7 14. Be5 Bd7 15. e3 Ne8 16. Bxg7 Kxg7 17. Na4 Nd6 18. Nc5 Be8 19. Qc2 Qb6 20. b3 Kh7 21. h4 h5 22. Bf3 Kg7 23. Rfd1 Qd8 24. Bg2 Z0 25. Qe2 g5 26. hxg5 Qxg5 27. Qf3 Rh8 28. Qf4 Qxf4 29. exf4 h4 30. g4 h3 31. Bf3 f5 32. g5 Rh4 33. Kh2 Bf7 34. Kg3 Rah8 35. Nd3 h2 36. Rh1 Ne4+ 37. Kg2 Be8 38. b4 Z0 39. Rce1 Bh5 40. Bxh5 R8xh5 41. Kf3 Nd2+ 42. Ke2 Ne4 43. Rc1 Rh3 44. Rxc6 Rxd3 0-1

[Event "7.Torneo del Santo B"]
[Site "Padova"]
[Date "2020.02.22"]
[Round "3.13"]
[White "Niccoli, Paolo"]
[Black "Di Lascio, Savino"]
[Result "1-0"]
[WhiteElo "1876"]
[BlackElo "1878"]
[Annotator "Gabriele Ballarin"]
[PlyCount "101"]
[EventDate "2020.02.21"]
[EventType "swiss"]
[EventRounds "3"]
[EventCountry "ITA"]

1. c4 Nf6 2. Nc3 e5 3. g3 d5 4. cxd5 Nxd5 5. Bg2 Nxc3 6. bxc3 c6 7. Nf3 Bd6 8. O-O O-O 9. d4 f6 10. Qb3+ Kh8 11. Rd1 Qe7 12. c4 exd4 13. Nxd4 Na6 14. Qc2 Be5 15. f4 Bxd4+ 16. Rxd4 Bg4 17. e4 Rad8 18. Be3 Rxd4 19. Bxd4 Rd8 20. Bxa7 Nb4 21. Qf2 Nd3 22. Qe3 Be6 23. Bb6 Rd7 24. c5 h5 25. a4 Nb4 26. Qc3 Na6 27. Re1 Qf7 28. f5 Bb3 29. e5 fxe5 30. Qxe5 Rd1 31. Rxd1 Bxd1 32. Qe6 Qxe6 33. fxe6 Bg4 34. e7 Bd7 35. Bh3 Be8 36. Bc8 Kg8 37. Bxb7 Nb4 38. a5 Kf7 39. Bd8 Ke6 40. a6 Nxa6 41. Bxa6 Kd5 42. Be2 g6 43. Bb6 Ke6 44. Kf2 Kxe7 45. Ke3 g5 46. Ke4 Bg6+ 47. Ke5 g4 48. Kf4 Be8 49. Kg5 Ke6 50. Bd3 Ke5 51. Bg6 1-0

[Event "79.Santo Camp. Veneto Quarti di Finale"]
[Site "Padova ITA"]
[Date "2020.02.21"]
[Round "1.1"]
[White "Sonis, Francesco"]
[Black "Miotto, Alberto"]
[Result "1-0"]
[WhiteElo "2478"]
[BlackElo "1948"]
[Annotator "Gabriele Ballarin"]
[PlyCount "61"]
[EventDate "2020.02.21"]
[EventType "swiss"]
[EventRounds "3"]
[EventCountry "ITA"]

1. d4 d5 2. c4 c6 3. Nf3 Nf6 4. e3 e6 5. Bd3 Nbd7 6. Nbd2 Bd6 7. O-O O-O 8. h3 b6 9. b3 Bb7 10. Bb2 Qe7 11. Ne5 c5 12. cxd5 exd5 13. f4 Ne4 14. Nxe4 dxe4 15. Bc4 Rad8 16. Ng4 Kh8 17. dxc5 Bxc5 18. Qe1 f5 19. Ne5 Nxe5 20. Bxe5 a6 21. a4 Bd5 22. Bxa6 Bxb3 23. Qc3 Bg8 24. Rfd1 Bd6 25. Bb5 Bxe5 26. Qxe5 Qxe5 27. fxe5 Be6 28. Rac1 Kg8 29. Rxd8 Rxd8 30. Rc6 Bd7 31. Rd6 1-0

[Event "79.Santo Camp. Veneto Quarti di Finale"]
[Site "Padova ITA"]
[Date "2020.02.21"]
[Round "1.2"]
[White "Vizireanu, Dragos"]
[Black "Gilevych, Artem"]
[Result "0-1"]
[WhiteElo "1944"]
[BlackElo "2415"]
[Annotator "Gabriele Ballarin"]
[PlyCount "46"]
[EventDate "2020.02.21"]
[EventType "swiss"]
[EventRounds "3"]
[EventCountry "ITA"]

1. e4 e6 2. c4 d5 3. exd5 exd5 4. cxd5 Nf6 5. Bb5+ Nbd7 6. Nc3 Be7 7. Nf3 O-O 8. d4 Nb6 9. O-O Nbxd5 10. Re1 Bg4 11. h3 Bh5 12. g4 Bg6 13. Ne5 c6 14. Bc4 Nxc3 15. bxc3 Nd5 16. Qb3 Nb6 17. f4 Bd6 18. f5 Qh4 19. Re3 Bxe5 20. dxe5 Bxf5 21. gxf5 Nxc4 22. Re2 Nxe5 23. c4 Qd4+ 0-1

[Event "79.Santo Camp. Veneto Quarti di Finale"]
[Site "Padova ITA"]
[Date "2020.02.21"]
[Round "1.3"]
[White "Loiacono, Antonio"]
[Black "Solinas, Carlo"]
[Result "1-0"]
[WhiteElo "2320"]
[BlackElo "1943"]
[Annotator "Gabriele Ballarin"]
[PlyCount "83"]
[EventDate "2020.02.21"]
[EventType "swiss"]
[EventRounds "3"]
[EventCountry "ITA"]

1. e4 e5 2. Nf3 Nc6 3. Nc3 Nf6 4. Bb5 Nd4 5. Bc4 d5 6. Nxd5 Bg4 7. Nxf6+ Qxf6 8. Be2 Nxe2 9. Qxe2 O-O-O 10. d3 h6 11. h3 Bd7 12. Bd2 Bd6 13. Bc3 Qe7 14. O-O-O c5 15. Nd2 b5 16. b3 Kb7 17. Nf1 Bc6 18. Ne3 g6 19. Bb2 a5 20. c4 b4 21. Nd5 Bxd5 22. cxd5 Kb6 23. Kb1 a4 24. Qc2 axb3 25. axb3 Ra8 26. Qc4 Ra5 27. g3 Rha8 28. Kc2 Ra2 29. Rhf1 Qg5 30. Kb1 Qh5 31. h4 Qe2 32. Qc2 Qf3 33. Rde1 R8a7 34. Qe2 Qf6 35. f4 Qe7 36. h5 g5 37. fxg5 Qxg5 38. Rf5 Qg7 39. Ref1 R2a6 40. Rf6 Rd7 41. Bxe5 Kc7 42. Rxd6 1-0

[Event "79.Santo Camp. Veneto Quarti di Finale"]
[Site "Padova ITA"]
[Date "2020.02.21"]
[Round "1.4"]
[White "Bordin, Silvia"]
[Black "Loiacono, Leonardo"]
[Result "0-1"]
[WhiteElo "1943"]
[BlackElo "2297"]
[Annotator "Gabriele Ballarin"]
[PlyCount "66"]
[EventDate "2020.02.21"]
[EventType "swiss"]
[EventRounds "3"]
[EventCountry "ITA"]

1. e4 d5 2. exd5 Qxd5 3. Nc3 Qd6 4. d4 Nf6 5. Nf3 c6 6. h3 Bf5 7. Bc4 e6 8. O-O Be7 9. Bg5 O-O 10. Qd2 Nbd7 11. Rad1 Nb6 12. Bd3 Bxd3 13. Qxd3 Nbd5 14. Nxd5 cxd5 15. c3 h6 16. Bh4 Rfc8 17. Ne5 Qd8 18. f4 Ne4 19. Bxe7 Qxe7 20. Qe3 f6 21. Nd3 f5 22. Ne5 b5 23. a3 a5 24. Nd3 Kh7 25. Rde1 Rg8 26. Nc5 g5 27. Nxe4 dxe4 28. fxg5 Rxg5 29. Rf4 Rag8 30. Rf2 Rg3 31. Qe2 Qg5 32. Qf1 e3 33. Rc2 Rxh3 0-1

[Event "79.Santo Camp. Veneto Quarti di Finale"]
[Site "Padova ITA"]
[Date "2020.02.21"]
[Round "1.5"]
[White "Bettalli, Francesco"]
[Black "Carletti, Angelo"]
[Result "1/2-1/2"]
[WhiteElo "2272"]
[BlackElo "1933"]
[Annotator "Gabriele Ballarin"]
[PlyCount "77"]
[EventDate "2020.02.21"]
[EventType "swiss"]
[EventRounds "3"]
[EventCountry "ITA"]

1. e4 c5 2. Nf3 d6 3. d4 cxd4 4. Qxd4 Nc6 5. Bb5 Bd7 6. Bxc6 Bxc6 7. Nc3 e5 8. Qd3 Be7 9. O-O h6 10. Nd2 Nf6 11. Nc4 Qc7 12. Rd1 O-O 13. Ne3 Rfd8 14. Bd2 b5 15. Rac1 Qb7 16. f3 b4 17. Ncd5 Bxd5 18. exd5 Rdc8 19. Qb3 Rab8 20. Be1 g6 21. Bf2 a5 22. Qd3 Kg7 23. g3 Qb5 24. Qd2 Bd8 25. c4 bxc3 26. bxc3 Bb6 27. Rb1 Bxe3 28. Rxb5 Bxd2 29. Rxb8 Rxb8 30. Rxd2 Rb1+ 31. Kg2 Rc1 32. Bb6 a4 33. Ba5 Kf8 34. Bb4 Ke7 35. Kf2 Nd7 36. Re2 Rd1 37. f4 f6 38. fxe5 Nxe5 39. a3 1/2-1/2

[Event "79.Santo Camp. Veneto Quarti di Finale"]
[Site "Padova ITA"]
[Date "2020.02.21"]
[Round "1.6"]
[White "Pasin, Mattia"]
[Black "Orfini, Nicolò "]
[Result "1/2-1/2"]
[WhiteElo "1921"]
[BlackElo "2250"]
[Annotator "Gabriele Ballarin"]
[PlyCount "75"]
[EventDate "2020.02.21"]
[EventType "swiss"]
[EventRounds "3"]
[EventCountry "ITA"]

1. d4 Nf6 2. c4 d6 3. Nc3 e5 4. d5 Nbd7 5. e4 g6 6. Nge2 Bg7 7. f3 h5 8. Be3 Bh6 9. Bxh6 Rxh6 10. Qd2 Rh8 11. g3 h4 12. Bg2 Qe7 13. O-O-O a5 14. a4 Nc5 15. Kc2 Nfd7 16. Nc1 Na6 17. Nd3 Nb4+ 18. Nxb4 axb4 19. Nb5 b3+ 20. Kxb3 Nc5+ 21. Kc2 Rxa4 22. Qc3 h3 23. Bf1 f5 24. b4 Na6 25. c5 Kf7 26. Bc4 Kg7 27. f4 Bd7 28. Ra1 Nxb4+ 29. Kd2 Rxa1 30. Rxa1 Na6 31. cxd6 cxd6 32. Nxd6 Qxd6 33. Bxa6 Rc8 34. Bc4 Kf6 35. Re1 Re8 36. Qb2 fxe4 37. Rxe4 b5 38. Bxb5 1/2-1/2

[Event "79.Santo Camp. Veneto Quarti di Finale"]
[Site "Padova ITA"]
[Date "2020.02.21"]
[Round "1.7"]
[White "Dappiano, Andrea"]
[Black "Pecci, William"]
[Result "1/2-1/2"]
[WhiteElo "2243"]
[BlackElo "1917"]
[Annotator "Gabriele Ballarin"]
[PlyCount "40"]
[EventDate "2020.02.21"]
[EventType "swiss"]
[EventRounds "3"]
[EventCountry "ITA"]

1. e4 e5 2. Nf3 Nc6 3. d4 exd4 4. Nxd4 Nf6 5. Nc3 Bb4 6. Nxc6 bxc6 7. Bd3 d5 8. exd5 cxd5 9. O-O O-O 10. h3 c6 11. Qf3 Re8 12. Bg5 Bd6 13. Rae1 Be5 14. Nd1 Qd6 15. Ne3 Ne4 16. Nc4 Nxg5 17. Nxd6 Nxf3+ 18. gxf3 Re7 19. Nxc8 Rxc8 20. f4 Bf6 1/2-1/2

[Event "79.Santo Camp. Veneto Quarti di Finale"]
[Site "Padova ITA"]
[Date "2020.02.21"]
[Round "1.8"]
[White "Scagliarini, Lara"]
[Black "Vancini, Edoardo"]
[Result "0-1"]
[WhiteElo "1915"]
[BlackElo "2232"]
[Annotator "Gabriele Ballarin"]
[PlyCount "76"]
[EventDate "2020.02.21"]
[EventType "swiss"]
[EventRounds "3"]
[EventCountry "ITA"]

1. e4 c5 2. Nf3 e6 3. d3 Nc6 4. g3 g6 5. Bg2 Bg7 6. O-O Nge7 7. Nbd2 O-O 8. Re1 d6 9. c3 e5 10. h4 Bg4 11. Nf1 h6 12. Ne3 Be6 13. h5 Qd7 14. Nh2 Kh7 15. Qe2 Rae8 16. Bd2 Ng8 17. a4 Nf6 18. g4 Na5 19. Bf3 Nb3 20. Ra3 Nxd2 21. Qxd2 Kh8 22. c4 Nh7 23. Bg2 Ng5 24. Qe2 Bf6 25. Nd5 Bxd5 26. cxd5 gxh5 27. gxh5 Nh3+ 28. Kh1 Nf4 29. Qg4 Qe7 30. Qf5 Rg8 31. Bh3 Rg5 32. Qd7 Reg8 33. Qxe7 Bxe7 34. d4 Rxh5 35. Ree3 cxd4 36. Rf3 d3 37. Bd7 d2 38. Ra1 Rg2 0-1

[Event "79.Santo Camp. Veneto Quarti di Finale"]
[Site "Padova ITA"]
[Date "2020.02.21"]
[Round "1.10"]
[White "Pizzoferrato, Mattia"]
[Black "Calavalle, Giulio"]
[Result "0-1"]
[WhiteElo "1894"]
[BlackElo "2218"]
[Annotator "Gabriele Ballarin"]
[PlyCount "78"]
[EventDate "2020.02.21"]
[EventType "swiss"]
[EventRounds "3"]
[EventCountry "ITA"]

1. e4 c5 2. Nf3 Nc6 3. Bb5 Qc7 4. Nc3 e6 5. d3 Nd4 6. Be3 Nxb5 7. Nxb5 Qb6 8. a4 a6 9. Na3 d5 10. b3 Nf6 11. exd5 exd5 12. d4 c4 13. O-O cxb3 14. cxb3 Bg4 15. Qd3 Bxf3 16. gxf3 Bxa3 17. Rxa3 O-O 18. Bf4 Rac8 19. Raa1 Nh5 20. Bg3 Rfe8 21. Rfe1 Re6 22. Rac1 Qd8 23. Qd2 Rec6 24. Rxc6 Rxc6 25. Qa5 Qc8 26. Qxd5 Nf6 27. Qa5 h6 28. Rd1 b6 29. Qd2 Nd5 30. a5 b5 31. b4 Qf8 32. Rb1 Rc4 33. Rc1 Qxb4 34. Bf4 Qxd2 35. Bxd2 Rxd4 36. Be3 Nxe3 37. fxe3 Ra4 38. Rc8+ Kh7 39. Rc7 f6 0-1

[Event "79.Santo Camp. Veneto Quarti di Finale"]
[Site "Padova ITA"]
[Date "2020.02.21"]
[Round "1.11"]
[White "Palozza, Christian"]
[Black "Rotondaro, Alberto"]
[Result "1-0"]
[WhiteElo "2201"]
[BlackElo "1893"]
[Annotator "Gabriele Ballarin"]
[PlyCount "79"]
[EventDate "2020.02.21"]
[EventType "swiss"]
[EventRounds "3"]
[EventCountry "ITA"]

1. d4 d5 2. c4 e6 3. Nf3 c5 4. cxd5 exd5 5. g3 Nc6 6. Bg2 Nf6 7. O-O Be7 8. Nc3 O-O 9. b3 Be6 10. Bb2 Rc8 11. Rc1 b6 12. e3 Qc7 13. Qe2 Rfd8 14. Nb5 Qb8 15. Rfd1 h6 16. Nc3 Rd7 17. Na4 Na5 18. dxc5 bxc5 19. Be5 Qa8 20. Qb5 Nb7 21. h3 Rdd8 22. Qe2 Rc6 23. Nd4 Rcc8 24. Nxe6 fxe6 25. Qa6 Bd6 26. Bb2 Qb8 27. Nc3 c4 28. Na4 Nd7 29. Bd4 Nbc5 30. Nxc5 Nxc5 31. Bxc5 Rxc5 32. bxc4 Qc7 33. Bf1 Ra5 34. cxd5 Rxa6 35. Rxc7 Rxa2 36. Rc6 Bf8 37. Rxe6 a5 38. Ra6 a4 39. d6 h5 40. Bc4+ 1-0

[Event "79.Santo Camp. Veneto Quarti di Finale"]
[Site "Padova ITA"]
[Date "2020.02.21"]
[Round "1.13"]
[White "Ghiotto, Marco Luigi"]
[Black "Frescura, Davide"]
[Result "0-1"]
[WhiteElo "2177"]
[BlackElo "1853"]
[Annotator "Gabriele Ballarin"]
[PlyCount "114"]
[EventDate "2020.02.21"]
[EventType "swiss"]
[EventRounds "3"]
[EventCountry "ITA"]

1. e4 c5 2. Nf3 d6 3. Bb5+ Bd7 4. Bxd7+ Qxd7 5. c4 Nc6 6. d4 cxd4 7. Nxd4 Nf6 8. Nc3 g6 9. O-O Bg7 10. Re1 O-O 11. h3 Rfc8 12. Bg5 Nxd4 13. Qxd4 Qc6 14. e5 dxe5 15. Qxe5 Re8 16. Nb5 Nd7 17. Qe4 Bxb2 18. Rad1 Qxe4 19. Rxe4 Nc5 20. Re2 Bf6 21. Bf4 Ne6 22. Be3 a6 23. Na3 Red8 24. Rb1 Rd7 25. c5 Rc8 26. Nc4 Rdc7 27. Nb6 Rd8 28. Rc2 Bd4 29. Rd1 Bxe3 30. Rxd8+ Nxd8 31. fxe3 Ne6 32. Na4 b5 33. Nb6 Rxc5 34. Rd2 Rc6 35. Nd5 Kf8 36. Nb4 Rc1+ 37. Kh2 a5 38. Nd3 Rc3 39. Kg3 Nc5 40. Nxc5 Rxc5 41. Rd8+ Kg7 42. Ra8 b4 43. Kf4 e5+ 44. Kf3 f5 45. g4 Kf6 46. Ra6+ Kg5 47. Ra7 fxg4+ 48. hxg4 h5 49. gxh5 Kxh5 50. Ke4 Kg4 51. Ra8 g5 52. Ra7 Kg3 53. Rg7 g4 54. Rg8 Kh3 55. Rg7 Rc2 56. Kxe5 Rxa2 57. Kf4 Rf2+ 0-1

[Event "79.Santo Camp. Veneto Quarti di Finale"]
[Site "Padova ITA"]
[Date "2020.02.21"]
[Round "1.14"]
[White "De Bortoli, Francesco"]
[Black "Simonetto, Alessio"]
[Result "0-1"]
[WhiteElo "1849"]
[BlackElo "2151"]
[Annotator "Gabriele Ballarin"]
[PlyCount "100"]
[EventDate "2020.02.21"]
[EventType "swiss"]
[EventRounds "3"]
[EventCountry "ITA"]

1. e4 e5 2. Nf3 Nc6 3. Bb5 Nf6 4. d3 Bc5 5. O-O Nd4 6. Nxd4 Bxd4 7. c3 Bb6 8. Ba4 O-O 9. Bg5 Re8 10. Na3 c6 11. Nc4 Bc7 12. Ne3 d6 13. Bc2 h6 14. Bh4 Qe7 15. Qe2 Be6 16. Kh1 d5 17. g4 g5 18. Bg3 Kg7 19. h4 Rh8 20. h5 Rad8 21. Nf5+ Bxf5 22. exf5 Rhe8 23. Rfe1 e4 24. Bxc7 Qxc7 25. d4 c5 26. Rg1 cxd4 27. cxd4 Qb6 28. Ba4 Re7 29. Qd2 Rc8 30. Bb3 a5 31. Rg3 Rec7 32. Rag1 a4 33. Bxa4 Rc4 34. Bb3 Qxd4 35. Qxd4 Rxd4 36. f3 e3 37. R3g2 Rf4 38. Bd1 d4 39. Be2 Rc2 40. Bd3 Rc7 41. Rf1 Nd7 42. Re2 Ne5 43. Be4 Nxg4 44. Kg2 Rxe4 45. fxe4 d3 46. Ree1 d2 47. f6+ Kg8 48. Rb1 e2 49. Rh1 Ne3+ 50. Kf2 d1=Q 0-1

[Event "79.Santo Camp. Veneto Quarti di Finale"]
[Site "Padova ITA"]
[Date "2020.02.21"]
[Round "1.15"]
[White "Bergamasco, Tommaso"]
[Black "Gola, Giorgio"]
[Result "1-0"]
[WhiteElo "2150"]
[BlackElo "1844"]
[Annotator "Gabriele Ballarin"]
[PlyCount "83"]
[EventDate "2020.02.21"]
[EventType "swiss"]
[EventRounds "3"]
[EventCountry "ITA"]

1. d4 e6 2. Nf3 Nf6 3. Bf4 b6 4. e3 Bb7 5. Nbd2 c5 6. Bd3 Be7 7. c3 Nc6 8. h3 Rc8 9. O-O O-O 10. Qe2 d6 11. a3 d5 12. Ne5 Nxe5 13. Bxe5 h6 14. Rac1 Nd7 15. Bh2 Re8 16. Nf3 Bf6 17. Rfd1 Qe7 18. Qd2 e5 19. Bf5 e4 20. Ne1 g6 21. Bg4 c4 22. f3 h5 23. Bxd7 Qxd7 24. fxe4 Rxe4 25. Nf3 Rce8 26. Rf1 Rxe3 27. Be5 Bxe5 28. Nxe5 R8xe5 29. dxe5 Rxe5 30. Rce1 Rxe1 31. Rxe1 Bc8 32. Re5 Bb7 33. Qe3 Qd6 34. Re8+ Kg7 35. Qd4+ f6 36. Qe3 Kf7 37. Rh8 Bc6 38. Rh7+ Kf8 39. Qh6+ Ke8 40. Qxg6+ Kd8 41. Rh8+ Kc7 42. Qg8 1-0

[Event "79.Santo Camp. Veneto Quarti di Finale"]
[Site "Padova ITA"]
[Date "2020.02.21"]
[Round "1.16"]
[White "Zotti, Enrico"]
[Black "Belli, Giorgio"]
[Result "0-1"]
[WhiteElo "1826"]
[BlackElo "2142"]
[Annotator "Gabriele Ballarin"]
[PlyCount "104"]
[EventDate "2020.02.21"]
[EventType "swiss"]
[EventRounds "3"]
[EventCountry "ITA"]

1. Nf3 Nf6 2. g3 b6 3. Bg2 Bb7 4. O-O e6 5. d3 Be7 6. e4 d6 7. Nc3 O-O 8. h3 c5 9. g4 Nc6 10. Bg5 a6 11. a4 Qc7 12. Qd2 Rac8 13. Rac1 Rfd8 14. Rfe1 h6 15. Bf4 Qd7 16. b3 d5 17. e5 Ne8 18. g5 hxg5 19. Bxg5 Nc7 20. h4 b5 21. axb5 axb5 22. h5 Bxg5 23. Qxg5 Qe7 24. Qg3 Qf8 25. Bh3 Ne7 26. Nh4 b4 27. Na4 Nb5 28. Kh2 Nd4 29. Re3 c4 30. bxc4 dxc4 31. Nb6 cxd3 32. Nxc8 Rxc8 33. Rxd3 Ne2 34. Qe3 Nxc1 35. Qxc1 Be4 36. Rg3 Bxc2 37. h6 g6 38. Nf3 b3 39. h7+ Kxh7 40. Ng5+ Kg8 41. Bg4 Qg7 42. f4 Bf5 43. Qa1 b2 44. Qxb2 Rc2+ 45. Qxc2 Bxc2 46. Rc3 Bf5 47. Bxf5 gxf5 48. Ra3 Qf8 49. Rg3 Ng6 50. Nxe6 Qh6+ 51. Rh3 Qxh3+ 52. Kxh3 fxe6 0-1

[Event "79.Santo Camp. Veneto Quarti di Finale"]
[Site "Padova ITA"]
[Date "2020.02.21"]
[Round "1.17"]
[White "Zenari, Marco"]
[Black "Tortora, Franco"]
[Result "1-0"]
[WhiteElo "2137"]
[BlackElo "1817"]
[Annotator "Gabriele Ballarin"]
[PlyCount "45"]
[EventDate "2020.02.21"]
[EventType "swiss"]
[EventRounds "3"]
[EventCountry "ITA"]

1. e4 e6 2. d4 d5 3. Nc3 Be7 4. Nf3 Nf6 5. Bd3 b6 6. O-O Ba6 7. Bxa6 Nxa6 8. exd5 Nxd5 9. Ne4 Nf6 10. Ng3 Nb8 11. b3 Nbd7 12. Bb2 O-O 13. c4 Ne8 14. Qe2 Nd6 15. Rad1 Re8 16. Ne5 Qc8 17. Rd3 Nf6 18. c5 Nb7 19. Nh5 Nd5 20. Nxg7 Kxg7 21. Rg3+ Kf8 22. Qh5 Nd8 23. Qh6# 1-0

[Event "79.Santo Camp. Veneto Quarti di Finale"]
[Site "Padova ITA"]
[Date "2020.02.21"]
[Round "1.18"]
[White "Marson, Luca"]
[Black "Negro, Roberto"]
[Result "1/2-1/2"]
[WhiteElo "1817"]
[BlackElo "2124"]
[Annotator "Gabriele Ballarin"]
[PlyCount "115"]
[EventDate "2020.02.21"]
[EventType "swiss"]
[EventRounds "3"]
[EventCountry "ITA"]

1. e4 g6 2. d4 Bg7 3. Nc3 d6 4. Be3 a6 5. Qd2 Nd7 6. Nf3 b5 7. O-O-O Bb7 8. d5 Ngf6 9. Bd3 Ng4 10. Nd4 Rc8 11. Nc6 Bxc6 12. dxc6 Nde5 13. Bd4 Bh6 14. f4 Nxd3+ 15. Qxd3 e5 16. Bg1 exf4 17. Kb1 Ne5 18. Qd5 O-O 19. h4 Bg7 20. Ne2 Ng4 21. Nxf4 Qf6 22. Nd3 Rce8 23. Ba7 Qe7 24. Rde1 Nf6 25. Qg5 h6 26. Qe3 Nxe4 27. Bd4 f5 28. Nf4 Bxd4 29. Qxd4 Qg7 30. Qd5+ Qf7 31. Qxf7+ Kxf7 32. Nd5 Re5 33. Nxc7 Rc8 34. Nxa6 Rxc6 35. Nb4 Rc7 36. c3 Rce7 37. Nd3 Rd5 38. Kc2 Rc7 39. a3 Rc4 40. Rhf1 Kf6 41. Rf3 g5 42. hxg5+ hxg5 43. Re2 g4 44. Rfe3 Ng5 45. Nb4 Rdc5 46. Nd3 Rc8 47. Nb4 Re4 48. Nd5+ Ke5 49. Nb4 f4 50. Rxe4+ Nxe4 51. Nd3+ Kf5 52. Nf2 d5 53. Kd3 Rf8 54. Kd4 f3 55. gxf3 gxf3 56. Rc2 Nf6 57. Nd3 Kg4 58. Nf2+ 1/2-1/2